000 00726nam a2200253Ia 4500
003 OSt
005 20220928103046.0
006 a|||||r|||| 00| 0
007 ta
008 220927b |||||||| |||| 00| 0 hin d
020 _c500
024 _a128675
037 _b407, 16/02/2016, Kiran Book Service
_cTextual
040 _aSDCL
_cSDCL
_bhin
041 _2hin
_ahin
082 _aO152,1:g, Q6
100 _aSingh Sudhir Ranjan
_9401978
245 0 _aKavita ke prasthan
260 _aNew Delhi
_bRajkamal Prakashan
_c2016
300 _a195p
_ccm.
650 _aHindi
_9391598
942 _hO152,1:g, Q6
_cTEXL
_2CC
999 _c717817
_d717817